Score 0/39 Timer 04:00
4 Plays Today
Hint 4-Letter Word % Correct
Assume a posture for an artistPOSE
95.9%
Minute opening in skin's surfacePORE
94.2%
Kellogg's ____ FlakesCORN
91.4%
Not yoursMINE
89.2%
Lower extremity of the legFOOT
86.5%
Large carnivorous felineLION
82.4%
Steal goods from during a war LOOT
82.2%
Statue's head and shouldersBUST
81.3%
Be obliged to; shouldMUST
79.2%
Permanent army postFORT
78.7%
Silly or foolish personLOON
77.7%
Relative of fogMIST
75.8%
Source of inspiration for an artistMUSE
72.8%
Long, narrow mark or bandLINE
68.3%
Be worried, care aboutMIND
66.3%
No amount; nothing at allNONE
65.9%
Californian nu metal bandKORN
65.1%
Shape and structure of an objectFORM
64.8%
The main idea of somethingGIST
64.2%
___-en-sceneMISE
63.7%
Hint 4-Letter Word % Correct
Mr. Bradley of games for shortMILT
63.2%
Greek statue of a young womanKORE
61.5%
Theater award (given annually)TONY
60.1%
Swollen underground plant stem CORM
59.9%
Gentle or kind in dispositionMILD
58.4%
A coating of precious metalGILT
57.8%
Harmonize in terms of colorTONE
56.6%
White caustic alkaline substanceLIME
56.2%
Lowest part of a statueBASE
53.4%
Naked human figureNUDE
50.2%
Depict by painting or drawingLIMN
45.4%
Joint in a plant stemNODE
45.4%
Gaunt; skinnyBONY
44.5%
Mould used to make an objectCAST
43.9%
Ancient Egyptian cat goddessBAST
41.9%
Outer protective coveringCASE
38.7%
Commanded or ordered BADE
28.9%
Be a sign of a future event BODE
27.7%
Consistency of substance i.e. paintBODY
26.2%

Today's Daily Dose

Remove Ads.
Support Sporcle.
Get the best of Sporcle when you Go Orange. This ad-free experience offers more features, more stats, and more fun while also helping to support Sporcle. Thank you for becoming a member.

You're not logged in!

Compare scores with friends on all Sporcle quizzes.
OR
Log In

Show Comments

Extras

Top Quizzes Today


Score Distribution

Your Account Isn't Verified!

In order to create a playlist on Sporcle, you need to verify the email address you used during registration. Go to your Sporcle Settings to finish the process.

Report this User

Report this user for behavior that violates our Community Guidelines.

Details: